[Event "DSOL 2021"]
[Site "Germany"]
[Date "2021.03.23"]
[Round "7.3"]
[White "Palme, Holger"]
[Black "Baranowsky, Peter"]
[Result "1-0"]
[WhiteElo "1911"]
[BlackElo "1576"]
[Annotator "TA"]
[PlyCount "39"]
[EventDate "2021.01.18"]
[EventType "team-tourn"]
[EventCountry "GER"]
[SourceTitle "playchess.com"]
[Source "ChessBase"]
[SourceQuality "1"]

1. d4 e6 2. Nf3 Nf6 3. Bg5 c5 4. c3 cxd4 5. cxd4 Nc6 6. Nc3 d5 7. e3 Be7 8. Rc1 Bd7 9. Bd3 h6 10. Bh4 O-O 11. O-O Ne8 12. Bg3 Bd6 13. Ne5 Bxe5 14. dxe5 f5 15. exf6 Nxf6 16. Bd6 Ne7 17. Qb3 Bc6 18. Qa3 Kf7 19. Bxe7 Qxe7 20. Bg6+ 1-0

[Event "DSOL 2021"]
[Site "Germany"]
[Date "2021.03.23"]
[Round "7.3"]
[White "Schiermeyer, Lukas"]
[Black "Kollars, Dmitrij"]
[Result "0-1"]
[WhiteElo "1904"]
[BlackElo "2598"]
[Annotator "TA"]
[PlyCount "80"]
[EventDate "2021.01.18"]
[EventType "team-tourn"]
[EventCountry "GER"]
[SourceTitle "playchess.com"]
[Source "ChessBase"]
[SourceQuality "1"]

1. e4 c5 2. c4 Nc6 3. Ne2 Nf6 4. Nbc3 e6 5. g3 d5 6. exd5 exd5 7. cxd5 Nxd5 8. Bg2 Ndb4 9. O-O Be7 10. d4 cxd4 11. Nb5 d3 12. Nf4 O-O 13. Be4 Ne5 14. a3 Nc2 15. Qh5 g6 16. Qxe5 Bf6 17. Qd6 Nxa1 18. Be3 Qxd6 19. Nxd6 Nc2 20. Bc5 Bd4 21. Bxd4 Nxd4 22. Nxd3 Rd8 23. Nxb7 Bxb7 24. Bxb7 Rab8 25. Ba6 Rd6 26. Bc4 Nf3+ 27. Kg2 Nd2 28. Ne5 Nxf1 29. Nxf7 Rd4 30. Ne5+ Rxc4 31. Nxc4 Rc8 32. b3 Rxc4 33. bxc4 Nd2 34. c5 Kf7 35. f4 Ke6 36. Kf2 a5 37. Ke3 Nc4+ 38. Kd4 Nxa3 39. Kc3 Nb5+ 40. Kc4 Na7 0-1

[Event "DSOL 2021"]
[Site "Germany"]
[Date "2021.03.25"]
[Round "7.3"]
[White "Rose, Torsten"]
[Black "Malinowsky, Celina"]
[Result "1/2-1/2"]
[WhiteElo "1895"]
[BlackElo "1372"]
[Annotator "NA RC"]
[PlyCount "94"]
[EventDate "2021.01.18"]
[EventType "team-tourn"]
[EventCountry "GER"]
[SourceTitle "playchess.com"]
[Source "ChessBase"]
[SourceQuality "1"]

1. d4 d5 2. c4 e6 3. Nc3 Nf6 4. cxd5 exd5 5. Bg5 Nbd7 6. e3 Be7 7. Nf3 c6 8. Bd3 h6 9. Bh4 O-O 10. O-O Re8 11. Rb1 Bd6 12. b4 a6 13. a4 b5 14. a5 Nf8 15. Bg3 Bxg3 16. hxg3 Ng6 17. Bxg6 fxg6 18. Ne5 Qd6 19. Nxg6 Bf5 20. Ne5 Bxb1 21. Qxb1 Nd7 22. Nd3 Nf6 23. Ne5 Rac8 24. f3 Nh5 25. Kf2 Rf8 26. Rh1 Nf6 27. Ke2 Nd7 28. Nxd7 Qxd7 29. Rh4 Rce8 30. Nd1 Qd6 31. Kf2 Re6 32. g4 Qe7 33. Rh1 Qg5 34. Kg3 Qe7 35. Re1 Qd6+ 36. Kf2 Qh2 37. Nb2 Qh4+ 38. Kg1 Qg3 39. Qd1 h5 40. gxh5 Rf5 41. Nd3 g5 42. Ne5 g4 43. fxg4 Qf2+ 44. Kh1 Qh4+ 45. Kg1 Qf2+ 46. Kh2 Qh4+ 47. Kg1 Qf2+ 1/2-1/2

[Event "DSOL 2021"]
[Site "Germany"]
[Date "2021.03.23"]
[Round "7.3"]
[White "Zerfass, Otfried"]
[Black "Grabowsky, Leon"]
[Result "0-1"]
[WhiteElo "1887"]
[BlackElo "2168"]
[Annotator "TA"]
[PlyCount "96"]
[EventDate "2021.01.18"]
[EventType "team-tourn"]
[EventCountry "GER"]
[SourceTitle "playchess.com"]
[Source "ChessBase"]
[SourceQuality "1"]

1. e4 c5 2. Nc3 e6 3. f4 Nc6 4. Nf3 d5 5. Bb5 Nf6 6. Bxc6+ bxc6 7. e5 Ng4 8. O-O Be7 9. d3 Nh6 10. Qe1 Ba6 11. h3 Nf5 12. g4 Nd4 13. Qf2 Nxf3+ 14. Qxf3 O-O 15. Bd2 Rb8 16. b3 c4 17. dxc4 dxc4 18. Rad1 cxb3 19. axb3 Bxf1 20. Qxf1 Qc7 21. Ne4 Rfd8 22. Ra1 Qb6+ 23. Kg2 Qd4 24. Qe1 Bh4 25. Bc3 Bxe1 26. Bxd4 Rxd4 27. Rxe1 a5 28. Kf3 a4 29. bxa4 Rxa4 30. Rd1 h6 31. Rd7 Rbb4 32. Nd6 Rxf4+ 33. Kg3 g5 34. Rc7 Rfd4 35. Rc8+ Kh7 36. Ne8 f5 37. Nf6+ Kg6 38. Rg8+ Kf7 39. Rh8 Ra3+ 40. Kf2 Rd2+ 41. Ke1 Rxc2 42. Rh7+ Kf8 43. Kd1 Rh2 44. Rh8+ Ke7 45. Rh7+ Kd8 46. Rh8+ Kc7 47. Rh7+ Kb6 48. Nd7+ Kb5 0-1

[Event "DSOL 2021"]
[Site "Germany"]
[Date "2021.03.22"]
[Round "7.3"]
[White "Klapper, Juergen"]
[Black "Marcziter, Alex"]
[Result "0-1"]
[WhiteElo "1885"]
[BlackElo "1838"]
[Annotator "NA RC"]
[PlyCount "50"]
[EventDate "2021.01.18"]
[EventType "team-tourn"]
[EventCountry "GER"]
[SourceTitle "playchess.com"]
[Source "ChessBase"]
[SourceQuality "1"]

1. d4 d5 2. c4 e6 3. Nc3 c5 4. cxd5 exd5 5. e3 Nf6 6. Nf3 Nc6 7. Bb5 a6 8. Bxc6+ bxc6 9. Qa4 Bd7 10. Ne5 Bd6 11. Nxd7 Qxd7 12. O-O O-O 13. h3 cxd4 14. exd4 Bc7 15. Bg5 Qd6 16. g3 Nh5 17. Ne2 Qe6 18. Nf4 Nxf4 19. Bxf4 Bxf4 20. gxf4 Qxh3 21. Qxc6 Qg4+ 22. Kh1 Qxf4 23. Qxd5 Rab8 24. Qe5 Qf3+ 25. Kg1 Rb6 0-1

[Event "DSOL 2021"]
[Site "Germany"]
[Date "2021.03.23"]
[Round "7.3"]
[White "Lu, Siyuan"]
[Black "Muenz, Werner"]
[Result "1/2-1/2"]
[WhiteElo "1876"]
[BlackElo "1702"]
[Annotator "NA RC"]
[PlyCount "71"]
[EventDate "2021.01.18"]
[EventType "team-tourn"]
[EventCountry "GER"]
[SourceTitle "playchess.com"]
[Source "ChessBase"]
[SourceQuality "1"]

1. e4 c5 2. c3 Nf6 3. e5 Nd5 4. d4 cxd4 5. cxd4 e6 6. Nf3 Nc6 7. Bc4 Nb6 8. Bb3 Be7 9. O-O d5 10. exd6 Qxd6 11. Nc3 a6 12. d5 exd5 13. Nxd5 Nxd5 14. Qxd5 O-O 15. Be3 Bg4 16. Qe4 Bh5 17. Rac1 Bg6 18. Qg4 Rfe8 19. Rfd1 Qf6 20. Nd4 Rad8 21. Nxc6 Rxd1+ 22. Qxd1 bxc6 23. Qe2 a5 24. h3 Bb4 25. Ba4 Rc8 26. Qa6 Rd8 27. Rxc6 Qxb2 28. Rc8 Qa1+ 29. Kh2 Qe5+ 30. g3 Qe7 31. Rxd8+ Qxd8 32. Bb3 Be1 33. Qe2 Bb4 34. Qc4 h6 35. h4 Be1 36. Qc5 1/2-1/2

[Event "DSOL 2021"]
[Site "Germany"]
[Date "2021.03.25"]
[Round "7.3"]
[White "Bildat, Emilia"]
[Black "Schmid, Anton"]
[Result "0-1"]
[WhiteElo "1852"]
[BlackElo "1852"]
[Annotator "NA"]
[PlyCount "128"]
[EventDate "2021.01.18"]
[EventType "team-tourn"]
[EventCountry "GER"]
[SourceTitle "playchess.com"]
[Source "ChessBase"]
[SourceQuality "1"]

1. c4 Nf6 2. g3 e6 3. Bg2 d5 4. Nf3 Be7 5. O-O O-O 6. b3 c5 7. Bb2 d4 8. d3 Nc6 9. Nbd2 h6 10. Ne1 e5 11. Nc2 Bg4 12. h3 Be6 13. Ba3 Qd7 14. Kh2 Rad8 15. Ne1 Nh7 16. Ne4 b6 17. g4 f5 18. gxf5 Rxf5 19. Nf3 Rdf8 20. Qc2 a5 21. Qb2 Bd8 22. Qc2 Bc7 23. Rg1 Rh5 24. h4 Ng5 25. Rh1 Nxf3+ 26. Bxf3 Rxh4+ 27. Kg1 Rxh1+ 28. Bxh1 Bh3 29. Bf3 Bg4 30. Bg2 Ne7 31. Bc1 Ng6 32. Bh1 Bh3 33. f3 Nf4 34. Bxf4 exf4 35. Qd2 Rf5 36. Qe1 Rh5 37. Qf2 Bf5 38. Bg2 Bd8 39. Kf1 Bh4 40. Qg1 Be6 41. Qh2 Qf7 42. Qg1 Re5 43. Qh2 Rh5 44. Qg1 Bg3 45. Nf2 Bc8 46. Ne4 Rh2 47. Rb1 h5 48. Nd6 Qe6 49. Ne4 Qe5 50. Ra1 h4 51. Rb1 h3 52. Bh1 Bf5 53. Ra1 Bxe4 54. fxe4 Rf2+ 55. Qxf2 Bxf2 56. Kxf2 Qg5 57. Rg1 Qh4+ 58. Kf1 Kf7 59. a4 g5 60. Bf3 h2 61. Rh1 g4 62. Bg2 Qg3 63. e5 f3 64. exf3 gxf3 0-1

[Event "DSOL 2021"]
[Site "Germany"]
[Date "2021.03.26"]
[Round "7.3"]
[White "Lange, Martin"]
[Black "Buchholz, Robert"]
[Result "1/2-1/2"]
[WhiteElo "1844"]
[BlackElo "1988"]
[Annotator "TA"]
[PlyCount "127"]
[EventDate "2021.01.18"]
[EventType "team-tourn"]
[EventCountry "GER"]
[SourceTitle "playchess.com"]
[Source "ChessBase"]
[SourceQuality "1"]
[WhiteTeam "SF Gern I"]
[BlackTeam "SC Diogenes"]

1. e4 d5 2. exd5 Nf6 3. Nf3 Nxd5 4. d4 Bg4 5. Be2 e6 6. c4 Nb6 7. O-O Nc6 8. Be3 Bxf3 9. Bxf3 Nxc4 10. Bxc6+ bxc6 11. Qa4 Nb6 12. Qxc6+ Qd7 13. Qxd7+ Kxd7 14. Nd2 Bd6 15. Ne4 Nd5 16. Nxd6 Kxd6 17. Rac1 Rhb8 18. b3 a5 19. Rc4 a4 20. Rxa4 Rxa4 21. bxa4 Ra8 22. g3 Rxa4 23. Ra1 Nb4 24. Bf4+ Kd7 25. a3 Nd5 26. Be3 Kc6 27. Kf1 Kb5 28. Ke2 Kc4 29. Kd2 Kb3 30. Kd3 Rxa3 31. Rxa3+ Kxa3 32. Bd2 Kb3 33. f3 f5 34. g4 g6 35. h4 Nb4+ 36. Ke3 Nc2+ 37. Kd3 Nb4+ 38. Ke3 Kc4 39. Kf4 Nd3+ 40. Kg5 Kxd4 41. gxf5 exf5 42. Kh6 Ke5 43. Kxh7 Kf6 44. Kg8 c5 45. Bc3+ Ke6 46. Kg7 Nf4 47. Bd2 Ng2 48. Bg5 c4 49. Kxg6 c3 50. h5 f4 51. Bf6 Nh4+ 52. Kg7 Nf5+ 53. Kg6 Ne7+ 54. Kg7 c2 55. Bb2 Nf5+ 56. Kg6 Nh4+ 57. Kg5 Nxf3+ 58. Kxf4 Nd2 59. h6 Nc4 60. Bc1 Kf6 61. Ke4 Ne5 62. Ke3 Kg6 63. Kd2 Kxh6 64. Kxc2+ 1/2-1/2

[Event "DSOL 2021"]
[Site "Germany"]
[Date "2021.03.25"]
[Round "7.3"]
[White "Fleischmann, Yannic"]
[Black "Walter, Mario"]
[Result "1/2-1/2"]
[WhiteElo "1839"]
[BlackElo "1878"]
[Annotator "NA RC"]
[PlyCount "34"]
[EventDate "2021.01.18"]
[EventType "team-tourn"]
[EventCountry "GER"]
[SourceTitle "playchess.com"]
[Source "ChessBase"]
[SourceQuality "1"]

1. e4 e5 2. Nf3 Nc6 3. Bc4 Bc5 4. c3 Qe7 5. O-O d6 6. h3 Nf6 7. d3 a6 8. Re1 Bb6 9. Bg5 h6 10. Be3 Bxe3 11. fxe3 Na5 12. Nbd2 Nxc4 13. Nxc4 Be6 14. Ncd2 O-O 15. d4 Bc8 16. Qb3 b6 17. d5 Nh7 1/2-1/2

[Event "DSOL 2021"]
[Site "Germany"]
[Date "2021.03.24"]
[Round "7.3"]
[White "Sell, Eero"]
[Black "Giering, Goetz"]
[Result "1-0"]
[WhiteElo "1833"]
[BlackElo "1831"]
[Annotator "NA RC"]
[PlyCount "173"]
[EventDate "2021.01.18"]
[EventType "team-tourn"]
[EventCountry "GER"]
[SourceTitle "playchess.com"]
[Source "ChessBase"]
[SourceQuality "1"]

1. e4 c6 2. d4 d5 3. exd5 cxd5 4. Bd3 Nc6 5. c3 Nf6 6. Ne2 Bg4 7. O-O e6 8. Qe1 Bxe2 9. Qxe2 Bd6 10. Nd2 Qc7 11. Nf3 O-O 12. Bg5 Nd7 13. Rae1 e5 14. dxe5 Ncxe5 15. h3 Nxd3 16. Qxd3 Nb6 17. Be3 Rad8 18. Ng5 g6 19. Bd4 Nd7 20. Nf3 Bc5 21. Rd1 Bxd4 22. Qxd4 Nc5 23. Ne5 Ne6 24. Qe3 b5 25. Ng4 Qf4 26. Qxa7 d4 27. g3 Qd6 28. Qb7 Qc5 29. cxd4 Nxd4 30. Qe4 f5 31. Rc1 Qxc1 32. Qe7 Qxf1+ 33. Kxf1 fxg4 34. hxg4 Rfe8 35. Qc5 Kf7 36. Kg2 Re7 37. Qb4 Rdd7 38. a4 bxa4 39. Qxa4 Ne6 40. b4 Rd4 41. Qb3 Kg7 42. b5 Rdd7 43. Qc3+ Kf7 44. Qh8 Nf8 45. g5 Re6 46. Qc3 Kg8 47. Qc5 Rb7 48. Qd5 Rbb6 49. Kh3 Kf7 50. Qf3+ Ke7 51. Qa3+ Red6 52. Qc5 Ne6 53. Qe5 Ke8 54. Qh8+ Nf8 55. Qe5+ Re6 56. Qc5 Nd7 57. Qd5 Ke7 58. f4 Kd8 59. Kg4 Kc7 60. Qc4+ Kd6 61. Qd4+ Ke7 62. Qg7+ Kd6 63. Qd4+ Kc7 64. Qc4+ Kd8 65. Qd5 Rf6 66. gxf6 Rxf6 67. Qg8+ Kc7 68. Qxh7 Rb6 69. Qf7 Rxb5 70. Qxg6 Rb4 71. Kg5 Rb3 72. g4 Rb5+ 73. f5 Rb6 74. Qf7 Kd6 75. Qe6+ Kc7 76. Qe7 Rb5 77. Kg6 Re5 78. Qb4 Kd8 79. f6 Re6 80. g5 Ke8 81. Qa4 Kd8 82. Kg7 Ne5 83. Qa8+ Kc7 84. Qd5 Re8 85. f7 Re7 86. Qc5+ Kd7 87. Qxe7+ 1-0

[Event "DSOL 2021"]
[Site "Germany"]
[Date "2021.03.22"]
[Round "7.3"]
[White "Bohne, Lutz"]
[Black "Gruschinski, Rainer"]
[Result "1/2-1/2"]
[WhiteElo "1829"]
[BlackElo "1978"]
[Annotator "TA"]
[PlyCount "239"]
[EventDate "2021.01.18"]
[EventType "team-tourn"]
[EventCountry "GER"]
[SourceTitle "playchess.com"]
[Source "ChessBase"]
[SourceQuality "1"]

1. d4 d5 2. c4 c6 3. Nf3 Nf6 4. Nc3 dxc4 5. e3 Bf5 6. Bxc4 e6 7. O-O Be7 8. Qe2 O-O 9. h3 h6 10. e4 Bh7 11. Rd1 Qc7 12. Bd3 Nbd7 13. Be3 Rfe8 14. Rac1 Qa5 15. a3 a6 16. Bd2 Qd8 17. e5 Bxd3 18. Qxd3 Nd5 19. Nxd5 cxd5 20. a4 Nb8 21. Qb3 Qd7 22. Rc2 Nc6 23. Rdc1 Rac8 24. Qb6 Qc7 25. Qxc7 Rxc7 26. b4 Rcc8 27. Kf1 Na7 28. Rc7 Rb8 29. Ke2 Kf8 30. Kd3 Rec8 31. g4 Rxc7 32. Rxc7 Nc6 33. Ne1 Bd8 34. Rxc6 bxc6 35. Kc3 Be7 36. Nd3 Ke8 37. a5 Kd7 38. f4 f6 39. Be3 Kc7 40. Bf2 Rf8 41. Bg3 fxe5 42. dxe5 Kb7 43. h4 Rc8 44. Bf2 g6 45. Kd2 Rf8 46. Ke3 g5 47. fxg5 hxg5 48. h5 Kc7 49. Ke2 Kd7 50. Be3 Rb8 51. Bd2 Rb5 52. Kf3 Ke8 53. Ke3 Kf7 54. Kd4 Bf8 55. Kc3 c5 56. bxc5 Bxc5 57. Bxg5 Rxa5 58. Bf6 Ra3+ 59. Kc2 Bf8 60. g5 Ra2+ 61. Kc3 Rh2 62. g6+ Kg8 63. Nf4 Bh6 64. Nxe6 Rxh5 65. Nc7 Bf4 66. Nxa6 Bxe5+ 67. Bxe5 Rxe5 68. Kd4 Rg5 69. Nb4 Kg7 70. Nxd5 Kxg6 71. Ne3 Kf6 72. Nd5+ Ke6 73. Ne3 Kd6 74. Ke4 Ke6 75. Kd4 Rg1 76. Ke4 Ra1 77. Kd4 Ra2 78. Ke4 Ra4+ 79. Kd3 Rh4 80. Nc4 Kd5 81. Ne3+ Kc5 82. Nf5 Rf4 83. Ne3 Ra4 84. Nf5 Ra8 85. Ne3 Rd8+ 86. Ke4 Rd7 87. Nf5 Rf7 88. Ke5 Rf8 89. Ke4 Re8+ 90. Kf4 Kd5 91. Ne3+ Kd4 92. Nf5+ Kd3 93. Nd6 Re1 94. Nf5 Re4+ 95. Kg5 Ra4 96. Kf6 Ke4 97. Nd6+ Kd5 98. Nf5 Rf4 99. Kg5 Ke5 100. Ne7 Rf1 101. Ng6+ Ke6 102. Nf4+ Ke5 103. Ng6+ Ke4 104. Ne7 Rf2 105. Ng6 Rf5+ 106. Kg4 Rf1 107. Kg5 Rh1 108. Kf6 Rf1+ 109. Kg5 Rg1+ 110. Kf6 Rg2 111. Ne7 Ra2 112. Ng6 Ra5 113. Ne7 Ra6+ 114. Kg5 Re6 115. Ng6 Re8 116. Kf6 Ra8 117. Kg5 Ra7 118. Kf6 Ra6+ 119. Kg5 Rxg6+ 120. Kxg6 1/2-1/2

[Event "DSOL 2021"]
[Site "Germany"]
[Date "2021.03.26"]
[Round "7.3"]
[White "Trinh, Fabian Dat"]
[Black "Voda, Costel"]
[Result "0-1"]
[WhiteElo "1826"]
[BlackElo "1838"]
[Annotator "NA"]
[PlyCount "104"]
[EventDate "2021.01.18"]
[EventType "team-tourn"]
[EventCountry "GER"]
[SourceTitle "playchess.com"]
[Source "ChessBase"]
[SourceQuality "1"]
[WhiteTeam "SV Hemer"]
[BlackTeam "SK Ettlingen II"]

1. d4 d5 2. Bf4 Nf6 3. e3 e6 4. Nf3 c5 5. c3 Nc6 6. Nbd2 Bd6 7. Bg3 O-O 8. Bd3 b6 9. e4 dxe4 10. Nxe4 Nxe4 11. Bxe4 Bb7 12. dxc5 Bxc5 13. Qe2 Qe7 14. O-O Rad8 15. Rad1 Bd6 16. Bxd6 Rxd6 17. Rxd6 Qxd6 18. Rd1 Qc7 19. Qb5 Rd8 20. Rxd8+ Qxd8 21. Qd3 Qxd3 22. Bxd3 f6 23. Be4 Na5 24. Bxb7 Nxb7 25. Nd4 Kf7 26. Kf1 Nc5 27. b3 e5 28. Nc6 a5 29. b4 axb4 30. cxb4 Na4 31. Ke1 Ke6 32. Kd2 Kd5 33. Na7 Kc4 34. b5 Nc3 35. Nc8 Nxa2 36. Nxb6+ Kxb5 37. Nd7 Kc6 38. Nf8 h5 39. Ne6 g5 40. Ng7 h4 41. g3 hxg3 42. hxg3 Kd5 43. Nh5 Ke6 44. f4 exf4 45. gxf4 g4 46. Ke3 Nc3 47. Ng3 Kd5 48. Nh5 Ne4 49. Ng7 Nd6 50. Kf2 Ke4 51. Kg3 Nf5+ 52. Nxf5 Kxf5 0-1

[Event "DSOL 2021"]
[Site "Germany"]
[Date "2021.03.26"]
[Round "7.3"]
[White "Killgus, Leonard"]
[Black "Voleske, Peter"]
[Result "1-0"]
[WhiteElo "1823"]
[BlackElo "1719"]
[Annotator "NA"]
[PlyCount "57"]
[EventDate "2021.01.18"]
[EventType "team-tourn"]
[EventCountry "GER"]
[SourceTitle "playchess.com"]
[Source "ChessBase"]
[SourceQuality "1"]
[WhiteTeam "SK Johanneum Eppendorf III"]
[BlackTeam "Aachener SV"]

1. e4 c6 2. d4 d5 3. Nd2 dxe4 4. Nxe4 Nd7 5. Ng5 Ngf6 6. Bd3 e6 7. N1f3 Bd6 8. Qe2 h6 9. Ne4 Nxe4 10. Qxe4 Qc7 11. Bd2 b6 12. O-O-O Nf6 13. Qe2 Bb7 14. Kb1 O-O-O 15. c4 c5 16. Bc3 Rhe8 17. h3 cxd4 18. Nxd4 Bxg2 19. Rhg1 Qb7 20. c5 bxc5 21. Ba6 cxd4 22. Rxg2 dxc3 23. Qb5 c2+ 24. Kxc2 Re7 25. Kb1 Kb8 26. Bxb7 Rxb7 27. Qa5 Rdd7 28. Rxg7 Nd5 29. Rg8+ 1-0

[Event "DSOL 2021"]
[Site "Germany"]
[Date "2021.03.23"]
[Round "7.3"]
[White "Evers, Annika"]
[Black "Schoeneberg, Manfred"]
[Result "0-1"]
[WhiteElo "1808"]
[BlackElo "2133"]
[Annotator "TA"]
[PlyCount "76"]
[EventDate "2021.01.18"]
[EventType "team-tourn"]
[EventCountry "GER"]
[SourceTitle "playchess.com"]
[Source "ChessBase"]
[SourceQuality "1"]

1. d4 Nf6 2. Nf3 d5 3. e3 g6 4. Bd3 Bg7 5. b3 O-O 6. Bb2 Bg4 7. Nbd2 Nbd7 8. h3 Bxf3 9. Nxf3 c5 10. O-O Rc8 11. Ne5 Nxe5 12. dxe5 Nd7 13. f4 e6 14. e4 c4 15. Be2 Nc5 16. exd5 exd5 17. Bg4 Rc6 18. f5 Ne4 19. f6 Bh6 20. Bc1 Qb6+ 21. Kh2 Bxc1 22. Qxc1 Qd4 23. Qh6 Qxe5+ 24. Qf4 Qxf4+ 25. Rxf4 Rxf6 26. Raf1 Rxf4 27. Rxf4 f5 28. Be2 b5 29. a4 a6 30. axb5 axb5 31. h4 Kg7 32. bxc4 bxc4 33. Rf1 Rb8 34. Ra1 Rb2 35. Ra7+ Kf6 36. Rxh7 Rxc2 37. Bf3 d4 38. Rh6 Kg7 0-1

[Event "DSOL 2021"]
[Site "Germany"]
[Date "2021.03.26"]
[Round "7.3"]
[White "Jansen, Robert"]
[Black "Hinkmann, Jens"]
[Result "1-0"]
[WhiteElo "1773"]
[BlackElo "2104"]
[Annotator "TA"]
[PlyCount "115"]
[EventDate "2021.01.18"]
[EventType "team-tourn"]
[EventCountry "GER"]
[SourceTitle "playchess.com"]
[Source "ChessBase"]
[SourceQuality "1"]
[WhiteTeam "SC Kreuzberg I"]
[BlackTeam "SF Bad Tölz"]

1. d4 d5 2. c4 Nc6 3. Nf3 Bg4 4. e3 e5 5. dxe5 dxc4 6. Qxd8+ Rxd8 7. Bxc4 Nxe5 8. Be2 Bxf3 9. gxf3 Ne7 10. f4 Nd3+ 11. Bxd3 Rxd3 12. Ke2 Rd7 13. Bd2 Nc6 14. Nc3 g6 15. h4 h5 16. Rhg1 Be7 17. Rh1 f5 18. a3 Kf7 19. Rad1 Rhd8 20. b4 Bf6 21. Nb1 a6 22. a4 Na7 23. f3 Nc8 24. e4 fxe4 25. fxe4 Nb6 26. e5 Be7 27. Rdf1 Ke6 28. Rhg1 Kf5 29. Rh1 Nxa4 30. Rf3 Rd4 31. Rg3 c6 32. Rhg1 Rg8 33. Rh3 Re4+ 34. Kf3 Rd4 35. Ke2 Bxb4 36. Rg5+ Ke4 37. Re3+ Kd5 38. Bxb4 Rxb4 39. Rd3+ Ke6 40. Nd2 Rxf4 41. Rd6+ Ke7 42. Ke3 Rxh4 43. Ne4 Rg4 44. Rxg4 hxg4 45. Kf4 Nb6 46. Nc5 g3 47. Kxg3 Nc4 48. Rd7+ Ke8 49. e6 b6 50. Nxa6 Rh8 51. Nc7+ Kf8 52. Rd8+ Kg7 53. e7 Nd6 54. Rxd6 Kf7 55. e8=Q+ Rxe8 56. Nxe8 Kxe8 57. Rxc6 b5 58. Rb6 1-0

[Event "DSOL 2021"]
[Site "Germany"]
[Date "2021.03.25"]
[Round "7.3"]
[White "Remscheid, Torsten"]
[Black "Becker, Volker"]
[Result "1-0"]
[WhiteElo "1737"]
[BlackElo "2010"]
[Annotator "TA"]
[PlyCount "65"]
[EventDate "2021.01.18"]
[EventType "team-tourn"]
[EventCountry "GER"]
[SourceTitle "playchess.com"]
[Source "ChessBase"]
[SourceQuality "1"]

1. e4 e6 2. d3 d5 3. Nd2 Nf6 4. Ngf3 c5 5. g3 Nc6 6. Bg2 Be7 7. O-O O-O 8. Re1 Qc7 9. e5 Nd7 10. Qe2 b5 11. Nf1 Bb7 12. Bf4 Rfd8 13. h4 d4 14. N1h2 Nf8 15. h5 Rac8 16. Ng4 h6 17. Qd2 Kh7 18. Bxh6 f5 19. exf6 Bxf6 20. Nxf6+ gxf6 21. Ng5+ fxg5 22. Qxg5 Qf7 23. Be4+ Kh8 24. Bg6 Qe7 25. Qg4 Rd6 26. Re2 Qf6 27. Rae1 e5 28. Bg5 Qg7 29. Bf5 Rc7 30. f4 Ne7 31. h6 Rxh6 32. Bxh6 Qxh6 33. Rh2 1-0

[Event "DSOL 2021"]
[Site "Germany"]
[Date "2021.03.26"]
[Round "7.3"]
[White "Kemper, Yannick"]
[Black "Haas, Frank-Martin"]
[Result "1-0"]
[WhiteElo "1733"]
[BlackElo "2118"]
[Annotator "TA"]
[PlyCount "81"]
[EventDate "2021.01.18"]
[EventType "team-tourn"]
[EventCountry "GER"]
[SourceTitle "playchess.com"]
[Source "ChessBase"]
[SourceQuality "1"]
[WhiteTeam "SK Ludwigshafen I"]
[BlackTeam "SV Walldorf I"]

1. e4 e6 2. d4 d5 3. Nc3 Nf6 4. e5 Nfd7 5. f4 c5 6. Nf3 Nc6 7. Be3 cxd4 8. Nxd4 Bc5 9. Qd2 Nxd4 10. Bxd4 O-O 11. O-O-O a6 12. Qe3 Qc7 13. Bd3 b5 14. g4 b4 15. Na4 Bxd4 16. Qxd4 Qa5 17. b3 Bb7 18. f5 Bc6 19. f6 Bxa4 20. Qf4 h6 21. bxa4 Qc7 22. fxg7 Kxg7 23. Rde1 Rac8 24. Kb1 f6 25. exf6+ Rxf6 26. Qe3 Nc5 27. g5 hxg5 28. Qxg5+ Kf7 29. Rhg1 Nxd3 30. Qg7+ Ke8 31. Qg8+ Kd7 32. Qh7+ Kd6 33. Qxd3 Qc4 34. Qg3+ Qf4 35. Qd3 Qxh2 36. Qxa6+ Rc6 37. Qd3 Rf2 38. Rg6 Ke7 39. Qxd5 Rf1 40. Rgxe6+ Kf8 41. Rxf1+ 1-0

[Event "DSOL 2021"]
[Site "Germany"]
[Date "2021.03.25"]
[Round "7.3"]
[White "Kuepper, Victor"]
[Black "Matthaei, Jakob"]
[Result "1/2-1/2"]
[WhiteElo "1709"]
[BlackElo "1700"]
[Annotator "NA RC"]
[PlyCount "65"]
[EventDate "2021.01.18"]
[EventType "team-tourn"]
[EventCountry "GER"]
[SourceTitle "playchess.com"]
[Source "ChessBase"]
[SourceQuality "1"]

1. e4 e5 2. Nf3 Nc6 3. Bb5 Nf6 4. O-O Nxe4 5. Re1 Nd6 6. Bf1 Be7 7. Nc3 O-O 8. Nxe5 Nxe5 9. Rxe5 Bf6 10. Re1 Nf5 11. Ne4 Be7 12. d4 d5 13. Ng3 Bd6 14. Bd3 Nxg3 15. hxg3 f5 16. Qf3 c6 17. Bf4 Qc7 18. Bxd6 Qxd6 19. Re5 g6 20. c3 Bd7 21. Rae1 Rae8 22. Qf4 Rxe5 23. Rxe5 Qf6 24. Qe3 f4 25. gxf4 Qxf4 26. Qxf4 Rxf4 27. Re7 Rf7 28. Rxf7 Kxf7 29. f3 Bf5 30. Bxf5 gxf5 31. f4 Kg6 32. Kf2 Kh5 33. Kg3 1/2-1/2

[Event "DSOL 2021"]
[Site "Germany"]
[Date "2021.03.24"]
[Round "7.3"]
[White "Mark, Philipp"]
[Black "Winkler, Tim"]
[Result "1-0"]
[WhiteElo "1702"]
[BlackElo "1928"]
[Annotator "TA"]
[PlyCount "121"]
[EventDate "2021.01.18"]
[EventType "team-tourn"]
[EventCountry "GER"]
[SourceTitle "playchess.com"]
[Source "ChessBase"]
[SourceQuality "1"]

1. d4 g6 2. c4 d6 3. e4 Bg7 4. Nf3 Nd7 5. Nc3 a6 6. Be2 c5 7. O-O cxd4 8. Nxd4 Ngf6 9. Be3 O-O 10. Rc1 Nc5 11. f3 Ne6 12. Qd2 Bd7 13. Rfd1 Rc8 14. b3 Nxd4 15. Bxd4 Re8 16. Nd5 Nxd5 17. Bxg7 Kxg7 18. Qxd5 Qb6+ 19. Qd4+ Qxd4+ 20. Rxd4 Rc7 21. Rcd1 Bc6 22. Kf2 Rec8 23. Ke3 Kf6 24. f4 b5 25. Bg4 Rb8 26. Bf3 Rbc8 27. Bg4 Rb8 28. Bf3 Be8 29. Rc1 Rc5 30. Rd5 Rbc8 31. Rxc5 Rxc5 32. Kd4 bxc4 33. Rxc4 Rxc4+ 34. Kxc4 e5 35. g3 Ke6 36. a4 f5 37. exf5+ Kxf5 38. Kd5 exf4 39. Kxd6 fxg3 40. hxg3 Bf7 41. b4 Bc4 42. Kc5 Bd3 43. b5 axb5 44. axb5 Ke6 45. Kc6 Ke5 46. b6 Ba6 47. Kc7 Kd4 48. Be2 Bxe2 49. b7 Bd3 50. b8=Q h5 51. Kd6 Bf5 52. Qb4+ Ke3 53. Qf4+ Kd3 54. Ke5 Kc3 55. Qxf5 gxf5 56. Kxf5 Kd4 57. Kg5 Ke5 58. Kxh5 Kf6 59. g4 Kf7 60. Kh6 Kg8 61. Kg6 1-0

[Event "DSOL 2021"]
[Site "Germany"]
[Date "2021.03.22"]
[Round "7.3"]
[White "Hagenbach, Udo"]
[Black "Haus, Volker"]
[Result "1-0"]
[WhiteElo "1700"]
[BlackElo "2129"]
[Annotator "RC"]
[PlyCount "103"]
[EventDate "2021.01.18"]
[EventType "team-tourn"]
[EventCountry "GER"]
[SourceTitle "playchess.com"]
[Source "ChessBase"]
[SourceQuality "1"]

1. c4 e5 2. g3 f5 3. d4 e4 4. Nc3 Nf6 5. Bg5 Be7 6. e3 O-O 7. Nge2 c6 8. Qb3 d6 9. Nf4 Qb6 10. h4 Qxb3 11. axb3 Na6 12. Be2 Nc7 13. h5 Ne6 14. Nxe6 Bxe6 15. b4 h6 16. Bh4 Kf7 17. Bxf6 Kxf6 18. c5 Rfd8 19. O-O Kg5 20. Kg2 Bf7 21. g4 d5 22. f4+ Kf6 23. b5 Be6 24. Kg3 Rdc8 25. b4 Rcb8 26. Ra2 b6 27. bxc6 bxc5 28. bxc5 Rb3 29. Rc1 a5 30. Ra4 Bd8 31. gxf5 Kxf5 32. Bg4+ Kf6 33. Bxe6 Kxe6 34. Kf2 Bh4+ 35. Kg2 Bd8 36. Rc2 Rab8 37. Raa2 Bc7 38. Kf2 Rd8 39. Ke2 Ra8 40. f5+ Kxf5 41. Nxd5 Ra7 42. Rcb2 Rxb2+ 43. Rxb2 Ke6 44. Nc3 a4 45. Nxe4 a3 46. Ra2 Kd5 47. Kd3 Kxc6 48. Nc3 Bg3 49. Kc4 Ra8 50. d5+ Kd7 51. c6+ Kd6 52. Ne4+ 1-0